00309nam a22001097a 450000500170000002000110001708200150002810000170004324500830006025000100014330000460015320230927120243.0 c500.00 a3302Sixth aVivek, Singh aIndian economy:bGeneral Studies- Civil Services Examination/cBy Vivek Singh  aSixth avp.c26cm(pbk)bAccording to the Sllyabus